000 00799nam a22002055i 4500
001 161687
003 ES-MaACL
005 20251116063110.0
008 041025s1871 sp |||| | spa d
040 _aCAM
_bspa
_cCAM
080 _a821.134.2-14"18"
100 1 _aPeñaranda Carlos,
_d1848-1908
_9131101
245 1 0 _aPresentimientos
_b: ensayos poéticos /
_cde Cárlos Peñaranda.
260 _aSevilla :
_b[s.n.],
_c1871 (
_fImp. de Gironés y Orduña)
300 _a78 p. ;
_c19 cm.
530 _aDisponible en formato digital.
852 _aES-MaACL
_jT-210-F-4
_z-- Enc. hol.
_z-- Dedicatoria ms. del autor al Ateneo Científico y Literario de Madrid
856 _uhttp://bdh-rd.bne.es/viewer.vm?id=0000090280&page=1
_zBiblioteca Digital Hispánica
999 _c161687
_d161687